000 00555nam a2200217 i 4500
001 bgj
100 1 _aBELLOW, Saul
_d(1915-2005)
245 1 0 _aHerzog /
_ca novel by Saul Bellow.
260 _aNew York :
_bViking Press,
_c1964.
300 _a341 pp ;
_c22 cm.
650 9 _aCollege teachers
650 9 _aFailure (Psychology)
650 9 _aMiddle-aged men
650 9 _aJewish men
650 9 _aPsychological fiction
650 9 _aJewish fiction
040 _cBPK
041 0 _aeng
942 _cKS
008 s uk f |000 0 eng
999 _c48683
_d48683
856 _uhttp://koha.tu.koszalin.pl/cgi-bin/koha/opac-detail.pl?biblionumber=48683
_yKatalog online BPK